| 000 | 00340 a2200133 4500 | ||
|---|---|---|---|
| 001 | 90304 | ||
| 082 | _a297.5 JAL | ||
| 090 |
_c42624 _d42624 |
||
| 100 | _aJalil Ahsan Nadvi Molana | ||
| 245 |
_aRaah e Amal _cMolaana Jalil Ahsan Nadvi _hUrdu |
||
| 260 |
_aLahore _bIslamic Publications _c2011 |
||
| 300 | _a335p. | ||
| 500 | _aGeneral Books | ||
| 942 |
_aCAE NUST _k297.5 JAL |
||
| 999 |
_c325377 _d325377 |
||